000 00813nam0a22002653 4500
001 RU\NLR\BIBL_A\022454165
005 20250809152623.0
035 _a(NLR Aleph) 022454165
090 _a83791
_c83791
100 _a20250211d1941 m y0rusy50 ca
101 0 _auzb
102 _aUZ
105 _ay z 000 y
181 0 _ai
_baxxe
182 0 _an
200 1 _aSotsialistik mihnat қahramanliғi
_fK.Demidov
203 _aТекст
_bвизуальный
_cнепосредственный
210 _aTaşkent
_cOzdavnaşr
_d1941
215 _a46,[1] с.
_d20
541 1 _aГероизм социалистического труда
_zrus
700 1 _aДемидов
_bК.
_4070
942 _cBOOK
945 _aРоссийская национальная библиотека
980 _aBV